Proceso integral de la actividad comercial (Registro nro. 13557)

Detalles MARC
000 -CABECERA
campo de control de longitud fija 01118nam a22003617a 4500
005 - FECHA Y HORA DE ACTUALIZACIÓN
campo de control 20230511120021.0
008 - LONGITUD FIJA
campo de control de longitud fija 230509b2022 |||||||| |||| 00| 0 spa d
020 ## - INTERNATIONAL STANDARD BOOK NUMBER
Número Internacional Estándar del Libro 9788413661285
041 ## - IDIOMA
Código de idioma del texto/pista de sonido o título separado Español
082 ## - CLASIFICACIÓN DECIMAL DEWEY
Número de clasificación 657 R456p3
100 ## - AUTOR PERSONAL
Nombre de persona Réy Pombo, José
245 ## - TÍTULO PROPIAMENTE DICHO
Título Proceso integral de la actividad comercial
250 ## - EDICIÓN
Mención de edición 3 edición
260 ## - PIE DE IMPRENTA
Lugar de publicación, distribución, etc. España
Nombre del editor, distribuidor, etc. Ediciones Paraninfo
Fecha de publicación, distribución, etc. 2022
300 ## - DESCRIPCIÓN FÍSICA
Extensión 490 páginas
650 ## - Materia General
Materia general CONTABILIDAD
650 ## - Materia General
Materia general ADMINISTRACIÓN DE EMPRESAS
650 ## - Materia General
Materia general CONTABILIDAD FINANCIERA
650 ## - Materia General
Materia general PATRIMONIO
650 ## - Materia General
Materia general BIENES Y SERVICIOS
650 ## - Materia General
Materia general MÉTODO CONTABLE
650 ## - Materia General
Materia general LIBROS DE CONTABILIDAD
650 ## - Materia General
Materia general CICLO CONTABLE
650 ## - Materia General
Materia general TRIBUTOS
650 ## - Materia General
Materia general CONTRATO COMERCIAL
650 ## - Materia General
Materia general CUENTAS DE INGRESOS
650 ## - Materia General
Materia general CUENTAS DE GASTOS
650 ## - Materia General
Materia general DOCUMENTACIÓN DE LA COMPRAVENTA
650 ## - Materia General
Materia general GESTIÓN DE COBROS
650 ## - Materia General
Materia general GESTIÓN DE PAGOS
650 ## - Materia General
Materia general OPERACIONES FINANCIERAS
942 ## - Punto de Acceso Adicional Koha
Tipo de ítem Koha Libro
Existencias
Estado perdido Estado dañado No para préstamo Biblioteca permanente Biblioteca actual Signatura completa Código de barras Precio efectivo a partir del Programa Académico Tipo de ítem
      Departamento de Biblioteca y Documentación Alfonso Chase Brenes Departamento de Biblioteca y Documentación Alfonso Chase Brenes 657 R456p3 25673 09/05/2023   Libro